Normal view
MARC view
- Lindell, Yehuda
Entry Personal Name
001 - CONTROL NUMBER
- control field: 100940
003 - CONTROL NUMBER IDENTIFIER
- control field: NUST
005 - DATE AND TIME OF LATEST TRANSACTION
- control field: 20221020105902.0
008 - FIXED-LENGTH DATA ELEMENTS
- fixed length control field: 221020|| aca||aabn | a|a d
040 ## - CATALOGING SOURCE
- Original cataloging agency: NUST
- Transcribing agency: NUST
100 ## - HEADING--PERSONAL NAME
- Personal name: Lindell, Yehuda
670 ## - SOURCE DATA FOUND
- Source citation: Work cat.: (NUST)175327: Lindell, Yehuda., Composition of secure multi-party protocols :, 2003.
